| 000 | 00693nam a22002175i 4500 | ||
|---|---|---|---|
| 001 | 54381 | ||
| 003 | ES-MaACL | ||
| 005 | 20250817011350.0 | ||
| 007 | t| | ||
| 008 | 960718s1888 fr ||||1| spa d | ||
| 040 |
_aCAM _bspa _cCAM |
||
| 100 | 1 |
_aFonvielle, Wilfrid de. _951659 |
|
| 245 | 1 | 3 |
_aLe pétrole / _cpar W. de Fonvielle; ouvrage ... par J. Ferat, etc. |
| 260 |
_aParis : _bLibraire Hachette et Cie, _c1888 ( _fImprimerie A. Lahure) |
||
| 300 |
_a[4], 274, [1] p. ; _c18 cm. |
||
| 490 | 1 | _aBibliothèque des merveilles | |
| 700 | 1 |
_aFérat, Jules, _d1829-1906 _9138633 |
|
| 830 | 0 |
_aBibliothèque des merveilles _9182004 |
|
| 852 |
_aES-MaACL _jA-4895 |
||
| 999 |
_c54381 _d54381 |
||